Confusable Words (Record no. 327421)

MARC details
000 -LEADER
fixed length control field 00428nam a2200169Ia 4500
008 - FIXED-LENGTH DATA ELEMENTS--GENERAL INFORMATION
fixed length control field 230718s9999 xx 000 0 und d
020 ## - INTERNATIONAL STANDARD BOOK NUMBER
International Standard Book Number 9789380472492
041 ## - LANGUAGE CODE
Language code of text/sound track or separate title eng
082 ## - DEWEY DECIMAL CLASSIFICATION NUMBER
Classification number 423.1
Item number SHE
100 ## - MAIN ENTRY--PERSONAL NAME
Personal name Shenai M.
245 ## - TITLE STATEMENT
Title Confusable Words
260 ## - PUBLICATION, DISTRIBUTION, ETC. (IMPRINT)
Date of publication, distribution, etc. 2011
Name of publisher, distributor, etc. Pacific Books
300 ## - PHYSICAL DESCRIPTION
Extent 193
365 ## - TRADE PRICE
Currency code Rs.
Price amount 550.00
700 ## - ADDED ENTRY--PERSONAL NAME
Personal name Shenai M.
906 ## - LOCAL DATA ELEMENT F, LDF (RLIN)
d O:0160811-Mar-2011B:110110105915-Feb-2011
c GENRL
b 137.5
Holdings
Withdrawn status Lost status Damaged status Not for loan Home library Current library Date acquired Vendor Budget Code Cost, normal purchase price Bill number Total Checkouts Full call number Barcode Date last seen Discount Cost, replacement price Bill Date Koha item type Original Barcode
        Cummins College of Engineering for Women Pune Cummins College of Engineering for Women Pune 11/03/2011 Varma Book Distributors GENRL 412.50 1101101059   423.1 CCEP-BK-38628 18/07/2023 137.5 550.00 15/02/2011 Books 038628